Statistiken für Die 10 wirtschaftlich stärksten Länder Europas

Klicken Sie hier um das Quiz zu spielen!

Allgemein

  • Dieses Quiz wurde 6.117 mal gespielt
  • Das Durchschnittsergebnis liegt bei 9 aus 10

Antwortstatistiken

BIPLand% Korrekt
4,93 BioDeutschland
100%
3,43 BioFrankreich
99%
2,06 BioSpanien
98%
2,78 BioItalien
96%
1,48 BioPolen
93%
690 MrdSchweiz
90%
3,50 BioVereinigtes Königreich
90%
3,14 BioRussland
87%
1,12 BioNiederlande
85%
673 MrdBelgien
82%

Verteilung der Resultate

Perzentil nach korrekt beantworteten Fragen

Anzahl Personen mit jedem Resultat

Ihre Resultats-Entwicklung

Sie haben dieses Quiz noch nicht gespielt